00282nam a2200121Ia 4500008004100000041000800041082001200049100001400061245001500075260003500090300002400125365001100149240624s9999 xx 000 0 und d aeng a823 ROZ aROZAN S J aBRONX NOIR c2007aNew DelhibAkashic Books a361 : p. : cm. ; 21 cRSb25